Ферровольфрам. Методы химического и физико-химического анализа; ГОСТ 14638.1-81 Ферровольфрам. Метод определения вольфрама; ГОСТ 14638.3-81 Ферровольфрам. Метод определения фосфора; ГОСТ 14638.4-81 Ферровольфрам. Метод определения кремния; ГОСТ 14638.5-81 Ферровольфрам. Метод определения марганца

Dettagli Bibliografici
Ente Autore: СССР Государственный комитет по стандартам (Госстандарт)
Lingua:russo
Pubblicazione: Москва, Изд-во стандартов, 1981
Edizione:Изд. офиц.
TOC:ГОСТ 14638.1-81 Ферровольфрам. Метод определения вольфрама;
ГОСТ 14638.3-81 Ферровольфрам. Метод определения фосфора;
ГОСТ 14638.4-81 Ферровольфрам. Метод определения кремния;
ГОСТ 14638.5-81 Ферровольфрам. Метод определения марганца;
Serie:Государственные стандарты
Soggetti:
Natura: MixedMaterials Libro
KOHA link:https://koha.lib.tpu.ru/cgi-bin/koha/opac-detail.pl?biblionumber=154086

MARC

LEADER 00000nam0a2200000 4500
001 154086
005 20231031151642.0
035 |a (RuTPU)RU\TPU\book\167141 
035 |a RU\TPU\book\167122 
090 |a 154086 
100 |a 20090220d1981 km y0rusy50 ca 
101 0 |a rus 
102 |a RU 
105 |a a l 000zy 
200 1 |a Ферровольфрам. Методы химического и физико-химического анализа 
205 |a Изд. офиц. 
210 |a Москва  |c Изд-во стандартов  |d 1981 
215 |a 40 с.  |c табл. 
225 1 |a Государственные стандарты 
464 |t ГОСТ 14638.1-81 Ферровольфрам. Метод определения вольфрама 
464 |t ГОСТ 14638.3-81 Ферровольфрам. Метод определения фосфора 
464 |t ГОСТ 14638.4-81 Ферровольфрам. Метод определения кремния 
464 |t ГОСТ 14638.5-81 Ферровольфрам. Метод определения марганца 
610 1 |a ГОСТы 
610 1 |a стандарты 
610 1 |a методы определения 
610 1 |a химический анализ 
610 1 |a физико-химический анализ 
610 1 |a ферровольфрам 
712 0 1 |a СССР  |b Государственный комитет по стандартам (Госстандарт)  |c (1978-1989)  |2 stltpush  |3 (RuTPU)RU\TPU\col\12454 
801 2 |a RU  |b 63413507  |c 20221208  |g PSBO 
942 |c BK